000
00291nam a2200133Ia 4500
008
231129s1979||||xx |||||||||||||| ||spa||
040
_b
spa
082
_a
190 B865e
100
_a
Broekman Jan M.
245
0
_a
El estructuralismo
260
_c
1979
264
_a
Herder
942
_2
ddc
_c
BKS
999
_c
11033
_d
11033